000
00356nam a2200157Ia 4500
003
0STCL
008
150530s9999 xx 000 0 und d
040
_a
STCL
_c
STCL
100
_a
Nixon, R.C.S.
245
_a
Geometry in space
260
_b
Oxford university
_c
1888
546
_a
English
942
_2
ddc
_c
BK
999
_c
24276
_d
24276
005
20220125170013.0